Bryophytorum Bibliotheca : (Record no. 592911)

MARC details
000 -LEADER
fixed length control field 00431nam a2200181 a 4500
008 - FIXED-LENGTH DATA ELEMENTS--GENERAL INFORMATION
fixed length control field 251023s1976##################000#0#eng##
020 ## - INTERNATIONAL STANDARD BOOK NUMBER
ISBN 9783768210577
082 04 - DEWEY DECIMAL CLASSIFICATION NUMBER
Classification number 588
Item number MAS
245 10 - TITLE STATEMENT
Title Bryophytorum Bibliotheca :
260 ## - PUBLICATION, DISTRIBUTION, ETC. (IMPRINT)
Year of publication 1976.
300 ## - PHYSICAL DESCRIPTION
Number of Pages 236 pages
650 #0 - SUBJECT ADDED ENTRY--TOPICAL TERM
Topical Term Bryology.
942 ## - ADDED ENTRY ELEMENTS (KOHA)
Koha item type English Books
Holdings
Withdrawn status Lost status Damaged status Not for loan Home library Current library Shelving location Date acquired Full call number Accession Number Price effective from Koha item type
        Anna Centenary Library Anna Centenary Library 5TH FLOOR, B WING 23.10.2025 588 MAS 172640 23.10.2025 English Books

Find us on the map